header

Analysis of microarray gene expression data (Record no. 51997)

MARC details
000 -LEADER
fixed length control field 01171nam a2200313Ia 4500
082 04 - DEWEY DECIMAL CLASSIFICATION NUMBER
Classification number 572.8/636
100 1# - MAIN ENTRY--AUTHOR NAME
Personal name Lee, Mei-Ling Ting.
245 10 - TITLE STATEMENT
Title Analysis of microarray gene expression data
260 ## - PUBLICATION, DISTRIBUTION, ETC. (IMPRINT)
Place of publication Boston :
Name of publisher Kluwer Academic,
Year of publication c2004.
300 ## - PHYSICAL DESCRIPTION
Number of Pages xvi, 371 p. :
Other physical details ill.
500 ## - GENERAL NOTE
General note Includes indexes.
650 #0 - SUBJECT ADDED ENTRY--TOPICAL TERM
Topical Term DNA microarrays
Topical Term Gene expression
856 40 - ELECTRONIC LOCATION AND ACCESS
Uniform Resource Identifier http://site.ebrary.com/lib/rucke/Doc?id=10088538

No items available.

© 2026 Rongo University
Contact us: librarian | system librarian | Rongo university